000 00290nam a2200109Ia 4500
001 1268721
005 20260417145255.0
008 260417s9999 xx 000 0 und d
020 _a9786256309203
245 0 _aCenk Hikayeleri - Topal Kasırga
_cYavuz Bahadıroğlu
260 _bKetebe Genç
999 _c1268721
_d1268721